Development of Experimental Brachytherapy Dosimetry Using Monte Carlo Simulations for Detector Characterization.

Bibliographic Details
Main Author: Kaveckyte, Vaiva.
Format: eBook
Language:English
Published: Linköping : Linkopings Universitet, 2021.
Edition:1st ed.
Series:Linköping University Medical Dissertations Series
Subjects:
Online Access:Click to View
LEADER 01998nam a22003733i 4500
001 EBC6579435
003 MiAaPQ
005 20240729202203.0
006 m o d |
007 cr cnu||||||||
008 240729s2021 xx o ||||0 eng d
020 |a 9789179296766  |q (electronic bk.) 
035 |a (MiAaPQ)EBC6579435 
035 |a (Au-PeEL)EBL6579435 
035 |a (OCoLC)1251444373 
040 |a MiAaPQ  |b eng  |e rda  |e pn  |c MiAaPQ  |d MiAaPQ 
100 1 |a Kaveckyte, Vaiva. 
245 1 0 |a Development of Experimental Brachytherapy Dosimetry Using Monte Carlo Simulations for Detector Characterization. 
250 |a 1st ed. 
264 1 |a Linköping :  |b Linkopings Universitet,  |c 2021. 
264 4 |c {copy}2021. 
300 |a 1 online resource (66 pages) 
336 |a text  |b txt  |2 rdacontent 
337 |a computer  |b c  |2 rdamedia 
338 |a online resource  |b cr  |2 rdacarrier 
490 1 |a Linköping University Medical Dissertations Series ;  |v v.1775 
505 0 |a Intro -- POPULÄRVETENSKAPLIG SAMMANFATTNING -- ABSTRACT -- List of Papers -- Acknowledgments -- Contents -- CHAPTER 1 Introduction -- CHAPTER 2 Background -- CHAPTER 3 Detector calibration and characterization -- CHAPTER 4 Contributions of our research -- CHAPTER 5 Conclusions and outlook -- Bibliography -- Papers. 
588 |a Description based on publisher supplied metadata and other sources. 
590 |a Electronic reproduction. Ann Arbor, Michigan : ProQuest Ebook Central, 2024. Available via World Wide Web. Access may be limited to ProQuest Ebook Central affiliated libraries.  
655 4 |a Electronic books. 
776 0 8 |i Print version:  |a Kaveckyte, Vaiva  |t Development of Experimental Brachytherapy Dosimetry Using Monte Carlo Simulations for Detector Characterization  |d Linköping : Linkopings Universitet,c2021 
797 2 |a ProQuest (Firm) 
830 0 |a Linköping University Medical Dissertations Series 
856 4 0 |u https://ebookcentral.proquest.com/lib/matrademy/detail.action?docID=6579435  |z Click to View